|
|
|
|
| LEADER |
01823nam a2200457 a 4500 |
| 001 |
EBC3019846 |
| 003 |
MiAaPQ |
| 005 |
20200520144314.0 |
| 006 |
m o d | |
| 007 |
cr cn||||||||| |
| 008 |
090917s2010 nyuab sb 001 0 eng d |
| 010 |
|
|
|z 2009038392
|
| 020 |
|
|
|z 9781608761333 (pbk.)
|
| 020 |
|
|
|z 1608761339 (pbk.)
|
| 020 |
|
|
|a 9781613249628 (electronic bk.)
|
| 035 |
|
|
|a (MiAaPQ)EBC3019846
|
| 035 |
|
|
|a (Au-PeEL)EBL3019846
|
| 035 |
|
|
|a (CaPaEBR)ebr10671411
|
| 035 |
|
|
|a (OCoLC)758384516
|
| 040 |
|
|
|a MiAaPQ
|c MiAaPQ
|d MiAaPQ
|
| 043 |
|
|
|a n-us---
|
| 050 |
|
4 |
|a HD38.5
|b .G586 2010
|
| 082 |
0 |
4 |
|a 338.88
|2 22
|
| 245 |
0 |
0 |
|a Globalized supply chains and U.S. policy
|h [electronic resource] /
|c Solomon Mensah, editor.
|
| 260 |
|
|
|a New York :
|b Nova Science Publishers,
|c c2010.
|
| 300 |
|
|
|a xv, 82 p. :
|b ill., maps.
|
| 490 |
1 |
|
|a America in the 21st century : political and economic issues series
|
| 490 |
1 |
|
|a Novinka
|
| 504 |
|
|
|a Includes bibliographical references (p. [71]) and index.
|
| 505 |
0 |
|
|a Globalization, worker insecurity, and policy approaches / Raymond J. Ahearn -- Globalized supply chains and U.S. policy / Dick K. Nanto.
|
| 533 |
|
|
|a Electronic reproduction. Ann Arbor, MI : ProQuest, 2015. Available via World Wide Web. Access may be limited to ProQuest affiliated libraries.
|
| 650 |
|
0 |
|a Business logistics.
|
| 650 |
|
0 |
|a Marketing
|x Management.
|
| 650 |
|
0 |
|a Globalization
|x Economic aspects
|z United States.
|
| 651 |
|
0 |
|a United States
|x Economic policy
|y 21st century.
|
| 655 |
|
4 |
|a Electronic books.
|
| 700 |
1 |
|
|a Mensah, Solomon.
|
| 710 |
2 |
|
|a ProQuest (Firm)
|
| 830 |
|
0 |
|a America in the 21st century (New York, N.Y.)
|
| 830 |
|
0 |
|a Novinka (Series)
|
| 856 |
4 |
0 |
|u https://ebookcentral.proquest.com/lib/matrademy/detail.action?docID=3019846
|z Click to View
|